000 00444nam a2200157Ia 4500
008 230711s9999||||xx |||||||||||||| ||und||
041 _aENG
082 _a720
_bTU-D
100 _aTurner, Janet
245 0 _aDesigning with light : public places : lighting solutions for exhibitions, museums & historic spaces
250 _a1st Ed.
260 _c1999
_aNew York
_bRotvison publication
300 _a159
650 _aArchitecture
942 _cBK
999 _c4957
_d4957